<?xml version="1.0" encoding="UTF-8"?>
<marc:record xmlns:marc="http://www.loc.gov/MARC21/slim">
   <marc:leader>00000nam a2200000 a 4500</marc:leader>
   <marc:datafield ind1="1" ind2=" " tag="100">
      <marc:subfield code="a">Ruiz Zafón, Carlos</marc:subfield>
      <marc:subfield code="4">aut</marc:subfield>
      <marc:subfield code="e">Verfasser/-in</marc:subfield>
   </marc:datafield>
   <marc:datafield ind1="1" ind2=" " tag="100">
      <marc:subfield code="a">Schwaar, Peter</marc:subfield>
      <marc:subfield code="4">trl</marc:subfield>
      <marc:subfield code="e">Übersetzer/-in</marc:subfield>
   </marc:datafield>
   <marc:datafield ind1="1" ind2=" " tag="100">
      <marc:subfield code="a">Ruiz Zafón, Carlos</marc:subfield>
   </marc:datafield>
   <marc:datafield ind1=" " ind2=" " tag="653">
      <marc:subfield code="a">Erzählende Literatur: Gegenwartsliteratur ab 1945</marc:subfield>
   </marc:datafield>
   <marc:datafield ind1="0" ind2="0" tag="245">
      <marc:subfield code="a">Das Spiel des Engels</marc:subfield>
   </marc:datafield>
   <marc:datafield ind1="0" ind2="0" tag="245">
      <marc:subfield code="b">Roman</marc:subfield>
   </marc:datafield>
   <marc:datafield ind1="0" ind2="0" tag="245">
      <marc:subfield code="c">Carlos Ruiz Zafón. Aus dem Span. von Peter Schwaar</marc:subfield>
   </marc:datafield>
   <marc:datafield ind1=" " ind2="1" tag="264">
      <marc:subfield code="a">Frankfurt, M.</marc:subfield>
      <marc:subfield code="b">Fischer-Taschenbuch-Verl.</marc:subfield>
      <marc:subfield code="c">2012</marc:subfield>
   </marc:datafield>
   <marc:datafield ind1="1" ind2=" " tag="490">
      <marc:subfield code="a">Fischer-TaschenBibliothek</marc:subfield>
   </marc:datafield>
   <marc:datafield ind1="1" ind2=" " tag="520">
      <marc:subfield code="a">Angaben aus der Verlagsmeldung

Das Spiel des Engels : Roman El juego del Ángel / von Carlos Ruiz Zafón

Barcelona in den turbulenten Jahren vor dem Bürgerkrieg: Der junge David Martín fristet sein Leben als Autor von Schauergeschichten. Als ernsthafter Schriftsteller verkannt, von einer tödlichen Krankheit bedroht und um die Liebe seines Lebens betrogen, scheinen seine großen Erwartungen sich in nichts aufzulösen. Doch einer glaubt an sein Talent: Der mysteriöse Verleger Andreas Corelli macht ihm ein Angebot, das Verheißung und Versuchung zugleich ist. David kann nicht widerstehen und ahnt nicht, in wessen Bann er gerät – und in welchen Strudel furchterregender Ereignisse …

Mit unwiderstehlicher erzählerischer Kraft lockt uns Carlos Ruiz Zafón wieder auf den Friedhof der Vergessenen Bücher: mitten hinein in einen Kosmos voller Spannung und Fantastik, Freundschaft und Liebe, Schrecken und Intrige. In eine Welt, die vom diabolischen Wunsch nach ewiger Schönheit regiert wird.
</marc:subfield>
   </marc:datafield>
   <marc:datafield ind1=" " ind2=" " tag="020">
      <marc:subfield code="a">9783596512645</marc:subfield>
      <marc:subfield code="9">9783596512645</marc:subfield>
   </marc:datafield>
   <marc:datafield ind1=" " ind2=" " tag="020">
      <marc:subfield code="a">3596512646</marc:subfield>
      <marc:subfield code="9">3596512646</marc:subfield>
   </marc:datafield>
   <marc:datafield ind1=" " ind2=" " tag="041">
      <marc:subfield code="a">ger</marc:subfield>
   </marc:datafield>
   <marc:datafield ind1=" " ind2=" " tag="300">
      <marc:subfield code="a">795 S.</marc:subfield>
   </marc:datafield>
</marc:record>
